<The> existence and single - valuedness of homology in Hjelmslev planes

Predbežné kroky. Teorémy. Hlavné výsledky.

Gespeichert in:
Bibliographische Detailangaben
1. Verfasser: Jurga, Rastislav
Format: Buchkapitel
Sprache:Englisch
Schlagworte:
Tags: Tag hinzufügen
Keine Tags, Fügen Sie das erste Tag hinzu!

MARC

LEADER 00000naa$a2200000$$$4500
001 0088257
005 20240502072004.8
041 0 |a eng 
044 |a SK 
245 1 0 |a <The> existence and single - valuedness of homology in Hjelmslev planes  |c Rastislav Jurga 
520 |a Predbežné kroky. Teorémy. Hlavné výsledky. 
610 2 0 |a matematika 
100 1 |a Jurga, Rastislav